[Event "HUN-chT1 Maroczy 2324"]
[Site "Hungary"]
[Date "2024.03.10"]
[Round "8.10"]
[White "Fekete, Albert"]
[Black "Peredi, Oliver"]
[Result "0-1"]
[WhiteElo "2094"]
[BlackElo "2030"]
[PlyCount "90"]
[EventDate "2023.10.08"]
[EventType "team-tourn"]
[EventRounds "11"]
[EventCountry "HUN"]
[SourceTitle "EXT 2025"]
[Source "ChessBase"]
[SourceDate "2024.10.14"]
[SourceVersion "1"]
[SourceVersionDate "2024.10.14"]
[SourceQuality "1"]
[WhiteTeam "Kisujszallas"]
[BlackTeam "DVTK EMSE"]
[WhiteTeamCountry "HUN"]
[BlackTeamCountry "HUN"]

1. Nf3 Nf6 2. g3 d5 3. Bg2 g6 4. 0-0 Bg7 5. d3 0-0 6. Nbd2 c5 7. e4 dxe4 8. dxe4 Nc6 9. c3 Qc7 10. Qe2 Rd8 11. Re1 e5 12. h3 h6 13. Nc4 b5 14. Na3 b4 15. Nc4 Ba6 16. cxb4 cxb4 17. b3 Nd4 18. Nxd4 Rxd4 19. Bb2 Bxc4 20. bxc4 Rd7 21. Red1 Rad8 22. Rxd7 Nxd7 23. Rd1 Nc5 24. Rd5 Rc8 25. Bf1 a5 26. Qe1 b3 27. axb3 Nxb3 28. Qd1 Nc5 29. Bg2 a4 30. Ba3 Nb3 31. c5 Qa5 32. Bf1 Nd4 33. Kg2 Qc3 34. Qd3 Qa1 35. Rd7 Qe1 36. Ra7 Rc6 37. Rxa4 Rf6 38. Rxd4 Qxf2+ 39. Kh1 exd4 40. Bg2 Qe1+ 41. Kh2 Rf2 42. c6 Be5 43. Bc5 Rd2 44. Qf3 Rd1 45. h4 Rc1 0-1

[Event "HUN-chT1 Maroczy 2324"]
[Site "Hungary"]
[Date "2024.03.03"]
[Round "7.9"]
[White "Fekete, Albert"]
[Black "Egyed, Judit"]
[Result "1-0"]
[WhiteElo "2094"]
[BlackElo "2090"]
[PlyCount "67"]
[EventDate "2023.10.08"]
[EventType "team-tourn"]
[EventRounds "11"]
[EventCountry "HUN"]
[SourceTitle "EXT 2025"]
[Source "ChessBase"]
[SourceDate "2024.10.14"]
[SourceVersion "1"]
[SourceVersionDate "2024.10.14"]
[SourceQuality "1"]
[WhiteTeam "Kisujszallas"]
[BlackTeam "NYVSC"]
[WhiteTeamCountry "HUN"]
[BlackTeamCountry "HUN"]

1. Nf3 f5 2. c4 Nf6 3. Nc3 g6 4. g3 Bg7 5. Bg2 0-0 6. 0-0 d6 7. d3 e5 8. Bd2 c6 9. b4 Qe8 10. b5 e4 11. dxe4 fxe4 12. Ng5 Bf5 13. f3 e3 14. Be1 h6 15. Nge4 Bxe4 16. fxe4 Qe6 17. bxc6 bxc6 18. Qd3 Na6 19. Rd1 Rad8 20. Na4 Ng4 21. Rxf8+ Rxf8 22. Bh3 h5 23. Bxg4 Qxg4 24. Qxe3 c5 25. Bc3 Qh3 26. Bxg7 Kxg7 27. e5 dxe5 28. Qxe5+ Kh6 29. Nc3 h4 30. Ne4 Qg4 31. Rf1 Rxf1+ 32. Kxf1 Qh3+ 33. Kg1 Kh7 34. Ng5+ 1-0

[Event "HUN-chT2 Toth 2223"]
[Site "Hungary"]
[Date "2023.03.12"]
[Round "9.6"]
[White "Fekete, Albert"]
[Black "Biro, Istvan1"]
[Result "1/2-1/2"]
[WhiteElo "2063"]
[BlackElo "1967"]
[PlyCount "69"]
[EventDate "2022.10.16"]
[EventType "team-tourn"]
[EventRounds "11"]
[EventCountry "HUN"]
[SourceTitle "EXT 2025"]
[Source "ChessBase"]
[SourceDate "2024.10.14"]
[SourceVersion "1"]
[SourceVersionDate "2024.10.14"]
[SourceQuality "1"]
[WhiteTeam "Kumania Kisujszallas"]
[BlackTeam "Oroshaza SE"]
[WhiteTeamCountry "HUN"]
[BlackTeamCountry "HUN"]

1. c4 c5 2. Nc3 Nc6 3. g3 g6 4. Bg2 Bg7 5. Nf3 e6 6. 0-0 Nge7 7. d3 0-0 8. Bd2 d6 9. Rb1 b6 10. a3 Bb7 11. b4 Qd7 12. Re1 Nd4 13. e4 Nec6 14. Nxd4 Nxd4 15. Ne2 Rfe8 16. Qc1 Rac8 17. Bc3 d5 18. bxc5 Nxe2+ 19. Rxe2 Bxc3 20. Qxc3 Rxc5 21. exd5 Bxd5 22. Bxd5 exd5 23. Rxe8+ Qxe8 24. Qd4 Qe6 25. Rb5 dxc4 26. Rxc5 bxc5 27. Qxc4 Qe5 28. a4 h5 29. h4 Kg7 30. Kg2 a5 31. Qb5 Qc3 32. Kf3 Kf6 33. Qc6+ Kg7 34. Qe4 Kf6 35. Qc6+ 1/2-1/2

[Event "HUN-chT2 Toth 2223"]
[Site "Hungary"]
[Date "2022.12.18"]
[Round "5.10"]
[White "Fekete, Albert"]
[Black "Szabo, Balazs3"]
[Result "1-0"]
[WhiteElo "2054"]
[BlackElo "1657"]
[PlyCount "81"]
[EventDate "2022.10.16"]
[EventType "team-tourn"]
[EventRounds "11"]
[EventCountry "HUN"]
[SourceTitle "EXT 2025"]
[Source "ChessBase"]
[SourceDate "2024.10.14"]
[SourceVersion "1"]
[SourceVersionDate "2024.10.14"]
[SourceQuality "1"]
[WhiteTeam "Kumania Kisujszallas"]
[BlackTeam "Kecskemet TLSE II"]
[WhiteTeamCountry "HUN"]
[BlackTeamCountry "HUN"]

1. c4 c5 2. Nc3 Nf6 3. Nf3 b6 4. g3 Bb7 5. Bg2 Nc6 6. 0-0 g6 7. d3 Bg7 8. e4 d6 9. h3 0-0 10. Be3 e5 11. Qd2 Re8 12. Bh6 Bh8 13. Bg5 Qc8 14. Nh2 Nh5 15. Bf3 Nf6 16. Ne2 Nd4 17. Nxd4 cxd4 18. Kg2 Bc6 19. Rh1 Bd7 20. Nf1 Be6 21. g4 Qd7 22. Ng3 Rab8 23. a4 a6 24. b4 b5 25. cxb5 axb5 26. a5 d5 27. Bxf6 Bxf6 28. g5 Bg7 29. exd5 Bxd5 30. Bxd5 Qxd5+ 31. Ne4 Re6 32. Rhc1 f5 33. gxf6 Rxf6 34. Rc5 Qb7 35. Qa2+ Kh8 36. a6 Qa8 37. a7 Rbf8 38. Qd5 R6f7 39. Qxa8 Rxa8 40. Rxb5 Re7 41. Rb8+ 1-0

[Event "HUN-chT2 Toth 2223"]
[Site "Hungary"]
[Date "2022.12.04"]
[Round "4.8"]
[White "Vadkerti, Vince"]
[Black "Fekete, Albert"]
[Result "0-1"]
[WhiteElo "1720"]
[BlackElo "2054"]
[PlyCount "82"]
[EventDate "2022.10.16"]
[EventType "team-tourn"]
[EventRounds "11"]
[EventCountry "HUN"]
[SourceTitle "EXT 2025"]
[Source "ChessBase"]
[SourceDate "2024.10.14"]
[SourceVersion "1"]
[SourceVersionDate "2024.10.14"]
[SourceQuality "1"]
[WhiteTeam "Meritum II"]
[BlackTeam "Kumania Kisujszallas"]
[WhiteTeamCountry "HUN"]
[BlackTeamCountry "HUN"]

1. e4 Nf6 2. Nc3 d5 3. exd5 Nxd5 4. Nf3 Bg4 5. d4 e6 6. Bd3 Nc6 7. Nxd5 Qxd5 8. c3 Bxf3 9. Qxf3 Qxf3 10. gxf3 0-0-0 11. Bf4 Bd6 12. Bg3 Bxg3 13. fxg3 e5 14. Bf5+ Kb8 15. dxe5 Nxe5 16. f4 Nc4 17. b3 Ne3 18. g4 g6 19. Kf2 Rhe8 20. Rhe1 Rd2+ 21. Kf3 gxf5 22. gxf5 Rd3 23. Kf2 Ng4+ 24. Kg2 Rxe1 25. Rxe1 Nf6 26. Re7 Rd7 27. Rxd7 Nxd7 28. Kg3 Nf6 29. Kh4 h6 30. c4 a5 31. Kg3 Kc8 32. Kf3 Kd7 33. h3 Kd6 34. Ke3 Kc5 35. a3 a4 36. bxa4 Kxc4 37. a5 c5 38. a6 bxa6 39. a4 Kc3 40. a5 c4 41. h4 h5 0-1

[Event "HUN-chT2 Toth 2122"]
[Site "Hungary"]
[Date "2022.03.20"]
[Round "8.9"]
[White "Fekete, Albert"]
[Black "Megyaszai, Balazs"]
[Result "0-1"]
[WhiteElo "2042"]
[BlackElo "1937"]
[PlyCount "88"]
[EventDate "2021.10.10"]
[EventType "team-tourn"]
[EventRounds "9"]
[EventCountry "HUN"]
[SourceTitle "EXT 2025"]
[Source "ChessBase"]
[SourceDate "2024.10.14"]
[SourceVersion "1"]
[SourceVersionDate "2024.10.14"]
[SourceQuality "1"]
[WhiteTeam "Kisujszallas"]
[BlackTeam "Maroczy II"]
[WhiteTeamCountry "HUN"]
[BlackTeamCountry "HUN"]

1. c4 e6 2. Nf3 Nf6 3. e3 d5 4. Be2 Be7 5. 0-0 c5 6. d3 0-0 7. b3 b6 8. Bb2 Bb7 9. Nbd2 Nbd7 10. Qc2 Rc8 11. h3 Qc7 12. Rac1 Qb8 13. Qb1 Rfe8 14. Rfe1 Bf8 15. Bf1 e5 16. e4 d4 17. g3 g6 18. Bg2 Bg7 19. a3 Nh5 20. Nh4 Bf6 21. Ndf3 Qd6 22. Rc2 Bc6 23. Bc1 Rb8 24. Bd2 Bg7 25. Nh2 b5 26. Rb2 Rec8 27. Bf3 Nhf6 28. Rc1 Bf8 29. Qc2 bxc4 30. Qxc4 Bb5 31. Qc2 Qa6 32. Be2 Nxe4 33. Be1 Nef6 34. Ng4 e4 35. Rd1 exd3 36. Bxd3 Bxd3 37. Rxd3 Nxg4 38. hxg4 Ne5 39. Rd2 Re8 40. Qd1 Qe6 41. g5 Qd5 42. f4 Ng4 43. Qxg4 Rxe1+ 44. Kf2 Qh1 0-1

[Event "HUN-ch Rapid"]
[Site "Ajka"]
[Date "2021.07.17"]
[Round "6"]
[White "Fekete, Albert"]
[Black "Papp, Levente"]
[Result "0-1"]
[WhiteElo "2048"]
[BlackElo "2395"]
[PlyCount "100"]
[EventDate "2021.07.16"]
[EventType "swiss (rapid)"]
[EventRounds "13"]
[EventCountry "HUN"]
[SourceTitle "CBM 203 Extra"]
[Source "ChessBase"]
[SourceDate "2021.09.30"]
[SourceVersion "1"]
[SourceVersionDate "2021.09.30"]
[SourceQuality "1"]

1. Nf3 Nf6 2. g3 d5 3. Bg2 c6 4. 0-0 Bg4 5. h3 Bh5 6. d3 Nbd7 7. Nbd2 e5 8. e4 Be7 9. Re1 Qc7 10. Qe2 dxe4 11. dxe4 0-0 12. b3 Rfe8 13. Bb2 Bf8 14. Rad1 Nc5 15. Qe3 b5 16. g4 Bg6 17. Nxe5 Rxe5 18. Bxe5 Qxe5 19. f4 Qc7 20. f5 Re8 21. fxg6 hxg6 22. Kh1 Nd5 23. exd5 Rxe3 24. Rxe3 cxd5 25. Bxd5 Nd7 26. c4 Bc5 27. Re8+ Kh7 28. Nf3 Qf4 29. Kg2 Nf6 30. Re5 Nxd5 31. Rdxd5 f6 32. Ng5+ fxg5 33. Rxc5 Qd2+ 34. Kf3 bxc4 35. bxc4 Qxa2 36. Rxg5 Qb3+ 37. Ke4 a5 38. Rxa5 Qxc4+ 39. Kf3 Qf1+ 40. Kg3 Qg1+ 41. Kf3 Qh2 42. Rgb5 Qxh3+ 43. Kf4 Kh6 44. g5+ Kh5 45. Re5 Qg2 46. Ke3 Kg4 47. Rad5 Qc2 48. Kd4 Kf4 49. Rc5 Qb2+ 50. Kc4 Qxe5 0-1

[Event "Puspokladany Arnoth Memorial 10th"]
[Site "Puspokladany"]
[Date "2017.07.30"]
[Round "8"]
[White "Kelemen, Imre"]
[Black "Fekete, Albert"]
[Result "0-1"]
[WhiteElo "2058"]
[BlackElo "2199"]
[PlyCount "44"]
[EventDate "2017.07.26"]
[EventType "swiss"]
[EventRounds "9"]
[EventCountry "HUN"]
[SourceTitle "EXT 2019"]
[Source "ChessBase"]
[SourceDate "2018.10.10"]
[SourceVersion "1"]
[SourceVersionDate "2018.10.10"]
[SourceQuality "1"]

1. e4 c5 2. Nf3 e6 3. d4 cxd4 4. c3 d3 5. Bxd3 d6 6. 0-0 Nc6 7. Qe2 Qc7 8. Na3 a6 9. Be3 Nf6 10. Nc4 Nd7 11. Nd4 Nce5 12. f4 Nxd3 13. Qxd3 Nc5 14. Qc2 Nxe4 15. Nb6 Qxb6 16. Qxe4 Qc7 17. f5 e5 18. f6 d5 19. Qxd5 exd4 20. Bxd4 Be6 21. Rae1 gxf6 22. Bxf6 Qc5+ 0-1

[Event "HUN-chT2 Maroczy 1415"]
[Site "Hungary"]
[Date "2015.03.01"]
[Round "7"]
[White "Vicsai, Gabor"]
[Black "Fekete, Albert"]
[Result "1-0"]
[WhiteElo "2232"]
[BlackElo "2260"]
[PlyCount "97"]
[EventDate "2014.10.12"]
[EventType "team-tourn"]
[EventRounds "9"]
[EventCountry "HUN"]
[SourceTitle "EXT 2016"]
[Source "ChessBase"]
[SourceDate "2015.10.08"]
[SourceVersion "1"]
[SourceVersionDate "2015.10.08"]
[SourceQuality "1"]
[WhiteTeam "Kobanya Aquarena"]
[BlackTeam "Kisujszallas"]
[WhiteTeamCountry "HUN"]
[BlackTeamCountry "HUN"]

1. d4 c5 2. c4 Nf6 3. Nf3 cxd4 4. Nxd4 Nc6 5. Nc3 e5 6. Nc2 d6 7. e4 Be7 8. Be2 0-0 9. 0-0 Be6 10. Rb1 Rc8 11. Be3 a6 12. f3 Na5 13. b3 Nc6 14. Qd2 Kh8 15. Nd5 Bxd5 16. cxd5 Nb8 17. Rfc1 Nbd7 18. b4 Rc7 19. Ne1 Kg8 20. Nd3 Qb8 21. Rxc7 Qxc7 22. Rc1 Qb8 23. Qc2 Bd8 24. a4 Bb6 25. Bxb6 Nxb6 26. a5 Rc8 27. Qb3 Nbd7 28. Rc4 Rxc4 29. Qxc4 Ne8 30. Bd1 Qc7 31. Qxc7 Nxc7 32. Ba4 Nb8 33. Nb2 Kf8 34. Nc4 Ke7 35. Nb6 Nb5 36. Kf2 Nd7 37. Bxb5 Nxb6 38. Bc6 Na8 39. Bxb7 Nc7 40. Ke3 Kd8 41. Kd3 Kd7 42. Kc4 Kd8 43. g3 g5 44. g4 f6 45. Bxa6 Nxa6 46. Kb5 Nc7+ 47. Kc6 Na6 48. b5 Nb4+ 49. Kb7 1-0

[Event "HUN-chT2 Maroczy 1415"]
[Site "Hungary"]
[Date "2014.12.14"]
[Round "4"]
[White "Fekete, Albert"]
[Black "Metaxasz, Vaszilisz"]
[Result "0-1"]
[WhiteElo "2260"]
[BlackElo "2047"]
[PlyCount "78"]
[EventDate "2014.10.12"]
[EventType "team-tourn"]
[EventRounds "9"]
[EventCountry "HUN"]
[SourceTitle "EXT 2016"]
[Source "ChessBase"]
[SourceDate "2015.10.08"]
[SourceVersion "1"]
[SourceVersionDate "2015.10.08"]
[SourceQuality "1"]
[WhiteTeam "Kisujszallas"]
[BlackTeam "Magyar Sakkvilag"]
[WhiteTeamCountry "HUN"]
[BlackTeamCountry "HUN"]

1. Nf3 Nf6 2. c4 c5 3. Nc3 Nc6 4. g3 g6 5. Bg2 Bg7 6. 0-0 d6 7. d3 0-0 8. Bd2 Bd7 9. h3 a6 10. Qc1 Rb8 11. Bh6 b5 12. b3 Nd4 13. Bxg7 Kxg7 14. Kh2 Nxf3+ 15. Bxf3 Qc8 16. Bg2 Bc6 17. Nd5 Qb7 18. e4 Bxd5 19. cxd5 Rfc8 20. Rb1 Qa7 21. Qc3 Kg8 22. f4 Rd8 23. g4 c4 24. bxc4 bxc4 25. Rxb8 Qxb8 26. dxc4 Rc8 27. Bf3 Qc7 28. g5 Nd7 29. Bg4 Rb8 30. Bxd7 Qxd7 31. f5 Qa4 32. Rf2 Qd1 33. Qd2 Qa1 34. f6 exf6 35. gxf6 Rb1 36. Qe3 Rh1+ 37. Kg3 Qg1+ 38. Kh4 h5 39. Re2 Qg4# 0-1

[Event "HUN-chT2 Maroczy 1314"]
[Site "Hungary"]
[Date "2014.04.13"]
[Round "10"]
[White "Pacal, Mihaly"]
[Black "Fekete, Albert"]
[Result "1/2-1/2"]
[WhiteElo "2107"]
[BlackElo "2265"]
[PlyCount "82"]
[EventDate "2013.09.08"]
[EventType "team-tourn"]
[EventRounds "11"]
[EventCountry "HUN"]
[SourceTitle "EXT 2016"]
[Source "ChessBase"]
[SourceDate "2015.10.08"]
[SourceVersion "1"]
[SourceVersionDate "2015.10.08"]
[SourceQuality "1"]
[WhiteTeam "Toth Laszlo"]
[BlackTeam "Kisujszallas"]
[WhiteTeamCountry "HUN"]
[BlackTeamCountry "HUN"]

1. e4 c5 2. Nf3 Nc6 3. d4 cxd4 4. Nxd4 e5 5. Nf5 d5 6. Qxd5 Qxd5 7. exd5 Bxf5 8. dxc6 bxc6 9. Bd3 Bxd3 10. cxd3 0-0-0 11. Ke2 Nf6 12. Be3 Kb7 13. Nd2 Rd5 14. Nc4 Be7 15. Rac1 Ng4 16. h3 Nxe3 17. Nxe3 Rd7 18. Rc3 Rc8 19. Rhc1 Bg5 20. Rb3+ Kc7 21. Rc4 Bxe3 22. fxe3 f5 23. Rcb4 Kd6 24. Rb7 c5 25. Rxd7+ Kxd7 26. Ra3 Rc7 27. b3 Kc6 28. Ra4 Kb5 29. Rc4 Rc6 30. Ra4 a5 31. Rh4 h6 32. a4+ Kb6 33. Rh5 Rf6 34. e4 fxe4 35. dxe4 Re6 36. Kd3 Rd6+ 37. Kc3 Re6 38. Rf5 Re7 39. Kc4 Kc6 40. g4 Kd6 41. g5 h5 1/2-1/2

[Event "HUN-chT2 Maroczy 1314"]
[Site "Hungary"]
[Date "2013.11.17"]
[Round "5"]
[White "Mayer, Istvan"]
[Black "Fekete, Albert"]
[Result "0-1"]
[WhiteElo "2047"]
[BlackElo "2265"]
[PlyCount "106"]
[EventDate "2013.09.08"]
[EventType "team-tourn"]
[EventRounds "11"]
[EventCountry "HUN"]
[SourceTitle "EXT 2016"]
[Source "ChessBase"]
[SourceDate "2015.10.08"]
[SourceVersion "1"]
[SourceVersionDate "2015.10.08"]
[SourceQuality "1"]
[WhiteTeam "Szigetszentmiklos"]
[BlackTeam "Kisujszallas"]
[WhiteTeamCountry "HUN"]
[BlackTeamCountry "HUN"]

1. d4 c5 2. c3 d5 3. Nf3 e6 4. Nbd2 Nf6 5. g3 Nc6 6. Bg2 Bd6 7. 0-0 0-0 8. Qa4 cxd4 9. Nxd4 Bd7 10. Qb3 e5 11. N4f3 Rb8 12. e4 dxe4 13. Ng5 h6 14. Ngxe4 Nxe4 15. Nxe4 Be6 16. Qd1 Be7 17. Be3 Bd5 18. Qxd5 Qxd5 19. Nf6+ Bxf6 20. Bxd5 Ne7 21. Be4 b6 22. Rfd1 Rfd8 23. a4 Bg5 24. f4 f5 25. Bc2 exf4 26. gxf4 Bf6 27. Kf2 g5 28. fxg5 hxg5 29. Rxd8+ Rxd8 30. Rg1 Kf7 31. Bb3+ Kg6 32. Ke2 Rh8 33. Rg2 g4 34. Bc2 Kf7 35. Bf4 Rd8 36. Rg3 Nd5 37. Bb3 Kg6 38. Bxd5 Rxd5 39. Rd3 Rxd3 40. Kxd3 Kf7 41. b4 Ke6 42. c4 Be5 43. Bg3 f4 44. Bf2 f3 45. Bg1 Bd6 46. c5 bxc5 47. bxc5 Bc7 48. Ke3 Kd5 49. Kf2 a6 50. a5 Ke4 51. c6 Kd5 52. h3 gxh3 53. Kxf3 h2 0-1